[Event "DEM U8 2024"]
[Site "Willingen GER"]
[Date "2024.05.22"]
[Round "2"]
[White "Liu, Peilin"]
[Black "Ranganathan, Aadith"]
[Result "0-1"]
[Termination "normal"]
[Board "1"]
[WhiteElo "1605"]
[BlackElo "1666"]
[WhiteClock "00:07:55"]
[BlackClock "00:26:06"]
[PlyCount "138"]
[WhiteFideId "8643792"]
[BlackFideId "34667121"]
[EventCountry "GER"]
[EventRounds "7"]
[EventType "swiss"]
[EventDate "2024.05.21"]

1. e4 {[%clk 01:00:26]} {[%emt 00:00:04]} e5 {[%clk 01:00:14]} {[%emt
00:00:17]} 2. Nf3 {[%clk 01:00:10]} {[%emt 00:00:30]} Nc6 {[%clk 00:59:51]}
{[%emt 00:00:39]} 3. Bc4 {[%clk 00:59:08]} {[%emt 00:01:16]} Bc5 {[%clk
00:59:18]} {[%emt 00:00:48]} 4. c3 {[%clk 00:58:34]} {[%emt 00:00:50]} Nf6
{[%clk 00:59:11]} {[%emt 00:00:21]} 5. d3 {[%clk 00:58:12]} {[%emt 00:00:39]}
d6 {[%clk 00:59:12]} {[%emt 00:00:13]} 6. a4 {[%clk 00:57:46]} {[%emt
00:00:41]} a6 {[%clk 00:58:50]} {[%emt 00:00:38]} 7. O-O {[%clk 00:57:33]}
{[%emt 00:00:26]} h6 {[%clk 00:58:51]} {[%emt 00:00:15]} 8. d4 {[%clk
00:57:29]} {[%emt 00:00:19]} exd4 {[%clk 00:57:58]} {[%emt 00:01:08]} 9. cxd4
{[%clk 00:57:09]} {[%emt 00:00:35]} Ba7 {[%clk 00:57:42]} {[%emt 00:00:29]} 10.
h3 {[%clk 00:55:59]} {[%emt 00:01:27]} O-O {[%clk 00:57:31]} {[%emt 00:00:27]}
11. Nc3 {[%clk 00:55:57]} {[%emt 00:00:15]} Re8 {[%clk 00:55:37]} {[%emt
00:02:10]} 12. Re1 {[%clk 00:53:24]} {[%emt 00:02:46]} Bd7 {[%clk 00:51:35]}
{[%emt 00:04:19]} 13. Qb3 {[%clk 00:48:18]} {[%emt 00:05:09]} Rf8 {[%clk
00:50:52]} {[%emt 00:01:10]} 14. Be3 {[%emt 00:06:47]} Na5 {[%clk 00:49:37]}
{[%emt 00:00:50]} 15. Qa2 {[%clk 00:41:19]} {[%emt 00:01:13]} Nxc4 {[%clk
00:46:34]} {[%emt 00:03:27]} 16. Qxc4 {[%clk 00:41:02]} {[%emt 00:00:31]} c6
{[%clk 00:46:02]} {[%emt 00:00:48]} 17. Qb3 {[%clk 00:38:20]} {[%emt 00:02:53]}
Rb8 {[%clk 00:44:45]} {[%emt 00:01:36]} 18. e5 {[%clk 00:36:31]} {[%emt
00:02:03]} dxe5 {[%clk 00:44:22]} {[%emt 00:00:39]} 19. dxe5 {[%clk 00:35:27]}
{[%emt 00:01:18]} Be6 {[%clk 00:43:13]} {[%emt 00:01:24]} 20. Qc2 {[%clk
00:33:10]} {[%emt 00:02:31]} Bxe3 {[%clk 00:41:43]} {[%emt 00:01:48]} 21. exf6
{[%clk 00:30:36]} {[%emt 00:02:47]} Ba7 {[%clk 00:40:08]} {[%emt 00:01:51]} 22.
fxg7 {[%clk 00:30:15]} {[%emt 00:00:35]} Kxg7 {[%clk 00:38:50]} {[%emt
00:01:34]} 23. Rad1 {[%emt 00:01:59]} Qf6 {[%clk 00:33:24]} {[%emt 00:04:51]}
24. Ne4 {[%clk 00:22:25]} {[%emt 00:07:11]} Bf5 {[%clk 00:32:50]} {[%emt
00:00:43]} 25. Qc3 {[%clk 00:19:48]} {[%emt 00:02:58]} Qxc3 {[%clk 00:31:41]}
{[%emt 00:01:24]} 26. Nxc3 {[%clk 00:19:56]} {[%emt 00:00:07]} Rfe8 {[%clk
00:31:43]} {[%emt 00:00:13]} 27. Ne5 {[%clk 00:18:53]} {[%emt 00:01:17]} f6
{[%clk 00:31:33]} {[%emt 00:00:23]} 28. Nf3 {[%clk 00:18:29]} {[%emt 00:00:42]}
Bc5 {[%clk 00:30:01]} {[%emt 00:01:45]} 29. g4 {[%clk 00:18:02]} {[%emt
00:00:43]} Rxe1+ {[%clk 00:29:14]} {[%emt 00:01:02]} 30. Rxe1 {[%clk 00:17:59]}
{[%emt 00:00:18]} Bg6 {[%clk 00:29:10]} {[%emt 00:00:17]} 31. Ne4 {[%clk
00:17:36]} {[%emt 00:00:40]} Bb4 {[%clk 00:29:10]} {[%emt 00:00:13]} 32. Re2
{[%clk 00:17:26]} {[%emt 00:00:29]} Re8 {[%clk 00:29:14]} {[%emt 00:00:09]} 33.
Ng3 {[%clk 00:16:08]} {[%emt 00:01:35]} Rxe2 {[%clk 00:28:49]} {[%emt
00:00:40]} 34. Nxe2 {[%clk 00:16:18]} {[%emt 00:00:04]} Bc2 {[%clk 00:28:54]}
{[%emt 00:00:09]} 35. Ned4 {[%clk 00:16:00]} {[%emt 00:00:34]} Bxa4 {[%clk
00:28:28]} {[%emt 00:00:43]} 36. b3 {[%clk 00:16:07]} {[%emt 00:00:07]} Bb5
{[%clk 00:28:30]} {[%emt 00:00:13]} 37. Nxb5 {[%clk 00:16:01]} {[%emt
00:00:20]} cxb5 {[%clk 00:28:31]} {[%emt 00:00:15]} 38. Kf1 {[%emt 00:01:14]}
Bc5 {[%clk 00:27:57]} {[%emt 00:00:17]} 39. Ke2 {[%clk 00:16:03]} {[%emt
00:00:15]} Kf7 {[%clk 00:28:06]} {[%emt 00:00:06]} 40. Nd2 {[%clk 00:15:50]}
{[%emt 00:00:26]} Ke6 {[%clk 00:27:56]} {[%emt 00:00:27]} 41. f3 {[%clk
00:15:50]} {[%emt 00:00:15]} Ke5 {[%clk 00:27:40]} {[%emt 00:00:30]} 42. h4
{[%clk 00:15:34]} {[%emt 00:00:32]} a5 {[%clk 00:27:15]} {[%emt 00:00:38]} 43.
h5 {[%clk 00:15:11]} {[%emt 00:00:40]} a4 {[%clk 00:27:20]} {[%emt 00:00:11]}
44. bxa4 {[%clk 00:14:40]} {[%emt 00:00:47]} bxa4 {[%clk 00:27:23]} {[%emt
00:00:11]} 45. Kd3 {[%clk 00:14:13]} {[%emt 00:00:40]} b5 {[%clk 00:27:27]}
{[%emt 00:00:13]} 46. Kc3 {[%clk 00:13:47]} {[%emt 00:00:36]} Kd5 {[%clk
00:26:32]} {[%emt 00:01:12]} 47. Ne4 {[%clk 00:13:28]} {[%emt 00:00:33]} b4+
{[%clk 00:26:15]} {[%emt 00:00:36]} 48. Kd3 {[%clk 00:13:06]} {[%emt 00:00:37]}
Bd4 {[%clk 00:25:30]} {[%emt 00:00:53]} 49. f4 {[%clk 00:12:32]} {[%emt
00:00:55]} a3 {[%clk 00:25:29]} {[%emt 00:00:19]} 50. Nd2 {[%clk 00:12:17]}
{[%emt 00:00:29]} a2 {[%clk 00:25:28]} {[%emt 00:00:17]} 51. Nb3 {[%clk
00:12:13]} {[%emt 00:00:18]} a1=Q {[%clk 00:25:32]} {[%emt 00:00:11]} 52. Nxa1
{[%emt 00:00:01]} Bxa1 {[%emt 00:00:10]} 53. g5 {[%emt 00:00:47]} fxg5 {[%clk
00:25:39]} {[%emt 00:00:08]} 54. fxg5 {[%emt 00:00:04]} hxg5 {[%emt 00:00:17]}
55. h6 {[%clk 00:11:13]} {[%emt 00:00:11]} Bh8 {[%clk 00:25:40]} {[%emt
00:00:15]} 56. Kd2 {[%clk 00:11:05]} {[%emt 00:00:14]} Kc4 {[%clk 00:25:50]}
{[%emt 00:00:13]} 57. Kc2 {[%clk 00:10:56]} {[%emt 00:00:24]} g4 {[%clk
00:25:57]} {[%emt 00:00:09]} 58. h7 {[%clk 00:10:44]} {[%emt 00:00:26]} g3
{[%clk 00:26:05]} {[%emt 00:00:07]} 59. Kd2 {[%clk 00:10:45]} {[%emt 00:00:13]}
b3 {[%clk 00:26:14]} {[%emt 00:00:09]} 60. Ke2 {[%clk 00:10:54]} {[%emt
00:00:05]} g2 {[%clk 00:26:04]} {[%emt 00:00:24]} 61. Kf2 {[%clk 00:10:36]}
{[%emt 00:00:06]} g1=Q+ {[%clk 00:25:59]} {[%emt 00:00:47]} 62. Kxg1 {[%clk
00:10:35]} {[%emt 00:00:16]} b2 {[%clk 00:26:05]} {[%emt 00:00:08]} 63. Kf2
{[%clk 00:10:40]} {[%emt 00:00:10]} b1=Q {[%emt 00:00:13]} 64. Kf3 {[%clk
00:10:42]} {[%emt 00:00:12]} Qf5+ {[%clk 00:26:17]} {[%emt 00:00:06]} 65. Kg3
{[%emt 00:00:32]} Be5+ {[%emt 00:00:07]} 66. Kg2 {[%clk 00:09:53]} {[%emt
00:00:20]} Qg4+ {[%clk 00:26:10]} {[%emt 00:00:27]} 67. Kf2 {[%clk 00:09:44]}
{[%emt 00:00:23]} Bd4+ {[%clk 00:26:17]} {[%emt 00:00:08]} 68. Ke1 {[%clk
00:08:55]} {[%emt 00:01:01]} Kd3 {[%clk 00:26:18]} {[%emt 00:00:17]} 69. Kf1
{[%clk 00:07:55]} {[%emt 00:01:15]} Qg1# {[%clk 00:26:06]} {[%emt 00:00:10]}
0-1

[Event "DEM U8 2024"]
[Site "Willingen GER"]
[Date "2024.05.22"]
[Round "2"]
[White "Nune, Likhith Siddharth"]
[Black "Liu, Yining"]
[Result "1-0"]
[Termination "normal"]
[Board "2"]
[WhiteElo "1517"]
[BlackElo "1210"]
[WhiteClock "00:52:29"]
[BlackClock "00:40:11"]
[PlyCount "69"]
[WhiteFideId "34670823"]
[BlackFideId "8655049"]
[EventCountry "GER"]
[EventRounds "7"]
[EventType "swiss"]
[EventDate "2024.05.21"]

1. e4 {[%clk 01:00:29]} {[%emt 00:00:02]} e5 {[%clk 01:00:23]} {[%emt
00:00:07]} 2. Nf3 {[%clk 01:00:39]} {[%emt 00:00:05]} Nc6 {[%clk 01:00:27]}
{[%emt 00:00:11]} 3. d4 {[%clk 01:00:50]} {[%emt 00:00:04]} exd4 {[%emt
00:00:11]} 4. c3 {[%clk 01:00:57]} {[%emt 00:00:08]} dxc3 {[%clk 01:00:34]}
{[%emt 00:00:14]} 5. Nxc3 {[%clk 01:01:06]} {[%emt 00:00:06]} Bc5 {[%clk
01:00:42]} {[%emt 00:00:06]} 6. Bc4 {[%clk 01:01:11]} {[%emt 00:00:09]} Nge7
{[%clk 01:00:40]} {[%emt 00:00:18]} 7. Ng5 {[%clk 01:01:14]} {[%emt 00:00:13]}
O-O {[%clk 01:00:42]} {[%emt 00:00:12]} 8. Qh5 {[%clk 01:01:25]} {[%emt
00:00:04]} h6 {[%clk 01:00:22]} {[%emt 00:00:36]} 9. Nxf7 {[%clk 01:01:29]}
{[%emt 00:00:09]} Rxf7 {[%clk 00:58:55]} {[%emt 00:01:43]} 10. Qxf7+ {[%clk
01:01:33]} {[%emt 00:00:12]} Kh8 {[%clk 00:58:59]} {[%emt 00:00:10]} 11. g4
{[%clk 01:01:05]} {[%emt 00:00:42]} Ne5 {[%clk 00:58:42]} {[%emt 00:00:34]} 12.
Qh5 {[%clk 01:00:46]} {[%emt 00:00:33]} Nxc4 {[%clk 00:57:44]} {[%emt
00:01:13]} 13. Qxc5 {[%clk 01:00:50]} {[%emt 00:00:10]} Nb6 {[%clk 00:56:03]}
{[%emt 00:01:58]} 14. g5 {[%clk 00:59:59]} {[%emt 00:01:05]} d6 {[%clk
00:56:00]} {[%emt 00:00:18]} 15. Qe3 {[%clk 01:00:03]} {[%emt 00:00:11]} h5
{[%clk 00:56:03]} {[%emt 00:00:13]} 16. Rg1 {[%clk 00:58:56]} {[%emt 00:01:21]}
Nc4 {[%clk 00:55:23]} {[%emt 00:00:56]} 17. Qd3 {[%clk 00:58:33]} {[%emt
00:00:37]} Ne5 {[%clk 00:55:20]} {[%emt 00:00:19]} 18. Qg3 {[%clk 00:58:13]}
{[%emt 00:00:32]} Kg8 {[%clk 00:55:10]} {[%emt 00:00:27]} 19. Bf4 {[%clk
00:57:43]} {[%emt 00:00:45]} h4 {[%clk 00:54:57]} {[%emt 00:00:29]} 20. Qe3
{[%clk 00:57:28]} {[%emt 00:00:30]} N7g6 {[%clk 00:54:30]} {[%emt 00:00:41]}
21. O-O-O {[%clk 00:56:27]} {[%emt 00:01:15]} c5 {[%emt 00:01:24]} 22. Bxe5
{[%clk 00:55:51]} {[%emt 00:00:36]} Nxe5 {[%clk 00:53:37]} {[%emt 00:00:17]}
23. Qf4 {[%clk 00:55:48]} {[%emt 00:00:16]} Qb6 {[%clk 00:52:45]} {[%emt
00:01:09]} 24. Nd5 {[%clk 00:55:48]} {[%emt 00:00:16]} Qd8 {[%clk 00:51:00]}
{[%emt 00:01:59]} 25. Qxe5 {[%clk 00:53:39]} {[%emt 00:02:23]} dxe5 {[%clk
00:49:46]} {[%emt 00:01:31]} 26. Nf6+ {[%clk 00:53:42]} {[%emt 00:00:12]} Qxf6
{[%clk 00:49:46]} {[%emt 00:00:16]} 27. gxf6 {[%clk 00:53:49]} {[%emt
00:00:06]} Be6 {[%clk 00:49:15]} {[%emt 00:00:47]} 28. Rxg7+ {[%clk 00:53:42]}
{[%emt 00:00:22]} Kf8 {[%clk 00:48:50]} {[%emt 00:00:41]} 29. Rxb7 {[%clk
00:53:38]} {[%emt 00:00:19]} h3 {[%clk 00:48:30]} {[%emt 00:00:35]} 30. Rd6
{[%clk 00:53:15]} {[%emt 00:00:37]} Bf7 {[%clk 00:47:35]} {[%emt 00:01:12]} 31.
Rdd7 {[%clk 00:52:54]} {[%emt 00:00:36]} Be8 {[%clk 00:46:28]} {[%emt
00:01:21]} 32. Rh7 {[%clk 00:52:42]} {[%emt 00:00:28]} Bf7 {[%clk 00:43:50]}
{[%emt 00:02:54]} 33. Rbxf7+ {[%clk 00:52:41]} {[%emt 00:00:15]} Ke8 {[%clk
00:43:47]} {[%emt 00:00:18]} 34. Re7+ {[%clk 00:52:39]} {[%emt 00:00:17]} Kf8
{[%clk 00:40:11]} {[%emt 00:03:50]} 35. Rh8# {[%clk 00:52:29]} {[%emt
00:00:08]} 1-0

[Event "DEM U8 2024"]
[Site "Willingen GER"]
[Date "2024.05.22"]
[Round "2"]
[White "Al Luwaisi, Taim"]
[Black "Siegel, Vitus"]
[Result "1/2-1/2"]
[Termination "normal"]
[Board "3"]
[WhiteElo "1198"]
[BlackElo "1345"]
[WhiteClock "00:00:43"]
[BlackClock "00:46:22"]
[PlyCount "99"]
[WhiteFideId "34645896"]
[BlackFideId "34694102"]
[EventCountry "GER"]
[EventRounds "7"]
[EventType "swiss"]
[EventDate "2024.05.21"]

1. e4 {[%clk 01:00:28]} c5 {[%clk 01:00:22]} {[%emt 00:00:08]} 2. Nf3 {[%clk
01:00:36]} {[%emt 00:00:07]} e6 {[%clk 01:00:27]} {[%emt 00:00:11]} 3. c3
{[%clk 00:55:51]} {[%emt 00:05:00]} d5 {[%clk 01:00:15]} {[%emt 00:00:26]} 4.
exd5 {[%clk 00:54:28]} {[%emt 00:01:40]} exd5 {[%clk 00:59:57]} {[%emt
00:00:33]} 5. d4 {[%clk 00:54:01]} {[%emt 00:00:40]} Nf6 {[%clk 00:59:58]}
{[%emt 00:00:15]} 6. Bf4 {[%emt 00:00:49]} Nc6 {[%emt 00:00:23]} 7. Be2 {[%clk
00:51:43]} {[%emt 00:01:19]} cxd4 {[%clk 00:59:46]} {[%emt 00:00:27]} 8. cxd4
{[%clk 00:50:48]} {[%emt 00:01:11]} Qb6 {[%clk 00:59:41]} {[%emt 00:00:20]} 9.
Qd2 {[%clk 00:49:12]} {[%emt 00:01:51]} Ne4 {[%clk 00:59:31]} {[%emt 00:00:25]}
10. Qc2 {[%clk 00:43:15]} {[%emt 00:06:13]} Nxd4 {[%clk 00:59:24]} {[%emt
00:00:21]} 11. Nxd4 {[%clk 00:41:50]} {[%emt 00:01:40]} Qxd4 {[%clk 00:59:24]}
{[%emt 00:00:16]} 12. O-O {[%clk 00:41:25]} {[%emt 00:00:39]} Bf5 {[%clk
00:58:59]} {[%emt 00:00:42]} 13. Bb5+ {[%clk 00:40:39]} {[%emt 00:00:59]} Bd7
{[%clk 00:58:21]} {[%emt 00:00:55]} 14. Bxd7+ {[%clk 00:39:33]} {[%emt
00:01:21]} Kxd7 {[%clk 00:58:26]} {[%emt 00:00:10]} 15. Qc7+ {[%clk 00:39:14]}
{[%emt 00:00:34]} Ke6 {[%clk 00:58:31]} {[%emt 00:00:08]} 16. Qxb7 {[%clk
00:37:47]} {[%emt 00:01:43]} Bc5 {[%emt 00:00:41]} 17. Qc6+ {[%clk 00:27:29]}
{[%emt 00:10:19]} Bd6 {[%clk 00:58:22]} {[%emt 00:00:13]} 18. Bxd6 {[%clk
00:26:38]} {[%emt 00:01:07]} Nxd6 {[%clk 00:58:26]} {[%emt 00:00:10]} 19. Re1+
{[%clk 00:26:45]} {[%emt 00:00:08]} Kf5 {[%clk 00:57:54]} {[%emt 00:00:48]} 20.
Qxd6 {[%clk 00:21:26]} {[%emt 00:05:34]} Rad8 {[%clk 00:57:19]} {[%emt
00:00:50]} 21. Qa3 {[%clk 00:20:27]} {[%emt 00:01:14]} Rc8 {[%clk 00:56:44]}
{[%emt 00:00:49]} 22. Qf3+ {[%clk 00:18:40]} {[%emt 00:02:03]} Kg6 {[%clk
00:56:34]} {[%emt 00:00:23]} 23. Nc3 {[%clk 00:17:55]} {[%emt 00:01:01]} Rhd8
{[%clk 00:53:09]} {[%emt 00:03:39]} 24. Rad1 {[%clk 00:17:30]} {[%emt
00:00:40]} Qf6 {[%clk 00:52:17]} {[%emt 00:01:06]} 25. Qxf6+ {[%clk 00:14:26]}
{[%emt 00:03:20]} Kxf6 {[%clk 00:52:20]} {[%emt 00:00:12]} 26. Nxd5+ {[%clk
00:14:20]} {[%emt 00:00:22]} Kg5 {[%clk 00:52:11]} {[%emt 00:00:22]} 27. f4+
{[%clk 00:14:14]} {[%emt 00:00:22]} Kg4 {[%clk 00:50:43]} {[%emt 00:00:35]} 28.
Kf2 {[%clk 00:13:04]} {[%emt 00:02:31]} Rc2+ {[%clk 00:50:37]} {[%emt
00:00:24]} 29. Kg1 {[%clk 00:12:50]} {[%emt 00:00:28]} Rcc8 {[%clk 00:50:17]}
{[%emt 00:00:37]} 30. h3+ {[%clk 00:12:14]} {[%emt 00:00:50]} Kg3 {[%clk
00:49:17]} {[%emt 00:01:13]} 31. Re3+ {[%clk 00:09:59]} {[%emt 00:02:30]} Kh4
{[%clk 00:49:24]} {[%emt 00:00:10]} 32. Kf2 {[%clk 00:09:43]} {[%emt 00:00:31]}
Rc2+ {[%clk 00:49:19]} {[%emt 00:00:18]} 33. Kf3 {[%clk 00:09:37]} {[%emt
00:00:23]} Rxb2 {[%clk 00:48:39]} {[%emt 00:00:54]} 34. Nc3 {[%clk 00:07:19]}
{[%emt 00:02:34]} Rxd1 {[%clk 00:48:23]} {[%emt 00:00:31]} 35. Nxd1 {[%clk
00:07:27]} {[%emt 00:00:08]} Rb7 {[%clk 00:48:27]} {[%emt 00:00:09]} 36. Rb3
{[%clk 00:05:03]} {[%emt 00:02:40]} Rd7 {[%clk 00:48:15]} {[%emt 00:00:28]} 37.
Ne3 {[%clk 00:04:54]} {[%emt 00:00:24]} g6 {[%clk 00:48:06]} {[%emt 00:00:24]}
38. f5 {[%clk 00:04:39]} {[%emt 00:00:30]} Rc7 {[%clk 00:47:59]} {[%emt
00:00:21]} 39. fxg6 {[%clk 00:04:00]} {[%emt 00:00:55]} hxg6 {[%clk 00:48:01]}
{[%emt 00:00:13]} 40. Nf1 {[%clk 00:04:05]} {[%emt 00:00:09]} Re7 {[%clk
00:47:50]} {[%emt 00:00:26]} 41. Ne3 {[%clk 00:03:35]} {[%emt 00:00:46]} Rd7
{[%clk 00:47:41]} {[%emt 00:00:18]} 42. Kf4 {[%clk 00:03:29]} {[%emt 00:00:27]}
f6 {[%clk 00:47:25]} {[%emt 00:00:31]} 43. Nf1 {[%clk 00:01:30]} {[%emt
00:02:12]} Rd4+ {[%clk 00:47:21]} {[%emt 00:00:19]} 44. Ke3 {[%clk 00:01:37]}
{[%emt 00:00:09]} Rd7 {[%clk 00:47:00]} {[%emt 00:00:37]} 45. Rd3 {[%clk
00:01:41]} {[%emt 00:00:11]} Re7+ {[%clk 00:47:02]} {[%emt 00:00:13]} 46. Kf4
{[%clk 00:00:39]} {[%emt 00:01:25]} Rc7 {[%clk 00:46:42]} {[%emt 00:00:35]} 47.
g3 {[%clk 00:00:28]} {[%emt 00:00:27]} Kh5 {[%clk 00:46:41]} {[%emt 00:00:14]}
48. g4+ {[%clk 00:00:20]} {[%emt 00:00:25]} Kh6 {[%clk 00:46:41]} {[%emt
00:00:14]} 49. h4 {[%clk 00:00:31]} {[%emt 00:00:04]} g5+ {[%clk 00:46:22]}
{[%emt 00:00:35]} 50. hxg5+ {[%clk 00:00:43]} {[%emt 00:00:02]} 1/2-1/2

[Event "DEM U8 2024"]
[Site "Willingen GER"]
[Date "2024.05.22"]
[Round "2"]
[White "Wang, Kaichen"]
[Black "Chaganti, Prahasith Reddy"]
[Result "0-1"]
[Termination "normal"]
[Board "5"]
[WhiteElo "1599"]
[BlackElo "1305"]
[WhiteClock "00:36:10"]
[BlackClock "00:19:45"]
[PlyCount "78"]
[WhiteFideId "34626891"]
[BlackFideId "34697586"]
[EventCountry "GER"]
[EventRounds "7"]
[EventType "swiss"]
[EventDate "2024.05.21"]

1. d4 {[%clk 01:00:27]} {[%emt 00:00:02]} d5 {[%clk 01:00:01]} {[%emt
00:00:29]} 2. c4 {[%clk 01:00:36]} {[%emt 00:00:07]} e6 {[%clk 00:59:47]}
{[%emt 00:00:28]} 3. Nc3 {[%clk 01:00:42]} {[%emt 00:00:05]} Nf6 {[%clk
00:59:30]} {[%emt 00:00:32]} 4. cxd5 {[%clk 01:00:25]} {[%emt 00:00:37]} exd5
{[%clk 00:59:17]} {[%emt 00:00:27]} 5. Bg5 {[%clk 01:00:20]} {[%emt 00:00:21]}
Be7 {[%clk 00:58:30]} {[%emt 00:00:59]} 6. e3 {[%clk 01:00:14]} {[%emt
00:00:24]} O-O {[%clk 00:58:05]} {[%emt 00:00:33]} 7. Bd3 {[%clk 01:00:25]}
{[%emt 00:00:10]} Be6 {[%clk 00:56:23]} {[%emt 00:01:55]} 8. Qc2 {[%clk
01:00:02]} {[%emt 00:00:40]} h6 {[%clk 00:56:21]} {[%emt 00:00:15]} 9. Bf4
{[%clk 00:59:37]} {[%emt 00:00:43]} Nc6 {[%clk 00:55:52]} {[%emt 00:00:43]} 10.
a3 {[%clk 00:59:24]} {[%emt 00:00:27]} a6 {[%clk 00:55:15]} {[%emt 00:00:46]}
11. Nf3 {[%clk 00:59:16]} {[%emt 00:00:30]} Rc8 {[%clk 00:52:19]} {[%emt
00:03:10]} 12. O-O {[%clk 00:58:55]} {[%emt 00:00:36]} Nh5 {[%clk 00:50:53]}
{[%emt 00:01:40]} 13. Be5 {[%clk 00:58:19]} {[%emt 00:00:52]} Nxe5 {[%clk
00:50:16]} {[%emt 00:00:53]} 14. Nxe5 {[%clk 00:58:21]} {[%emt 00:00:14]} c5
{[%clk 00:48:59]} {[%emt 00:01:31]} 15. Qd2 {[%clk 00:56:39]} {[%emt 00:01:57]}
cxd4 {[%clk 00:47:52]} {[%emt 00:01:23]} 16. exd4 {[%clk 00:56:37]} {[%emt
00:00:17]} Nf6 {[%clk 00:46:23]} {[%emt 00:01:44]} 17. Ne2 {[%clk 00:55:41]}
{[%emt 00:01:11]} Nd7 {[%clk 00:43:53]} {[%emt 00:02:45]} 18. Nxd7 {[%clk
00:54:41]} {[%emt 00:01:15]} Bxd7 {[%clk 00:42:35]} {[%emt 00:01:33]} 19. Nf4
{[%clk 00:54:35]} {[%emt 00:00:18]} Bg5 {[%clk 00:41:41]} {[%emt 00:01:11]} 20.
g3 {[%clk 00:53:26]} {[%emt 00:01:24]} Qf6 {[%clk 00:39:23]} {[%emt 00:02:32]}
21. Nxd5 {[%clk 00:51:27]} {[%emt 00:02:14]} Bxd2 {[%clk 00:38:55]} {[%emt
00:00:45]} 22. Nxf6+ {[%clk 00:51:27]} {[%emt 00:00:14]} gxf6 {[%clk 00:39:04]}
{[%emt 00:00:06]} 23. Rfd1 {[%clk 00:50:37]} {[%emt 00:01:05]} Ba5 {[%clk
00:37:37]} {[%emt 00:01:42]} 24. b4 {[%clk 00:49:25]} {[%emt 00:01:26]} Bb6
{[%clk 00:37:09]} {[%emt 00:00:42]} 25. Be4 {[%clk 00:49:30]} {[%emt 00:00:11]}
Bc6 {[%clk 00:36:21]} {[%emt 00:01:04]} 26. d5 {[%clk 00:49:31]} {[%emt
00:00:13]} Ba4 {[%clk 00:35:50]} {[%emt 00:00:46]} 27. Rd2 {[%clk 00:49:26]}
{[%emt 00:00:17]} Rfd8 {[%clk 00:32:45]} {[%emt 00:03:23]} 28. d6 {[%clk
00:48:33]} {[%emt 00:01:09]} Rb8 {[%clk 00:31:49]} {[%emt 00:01:10]} 29. Bg2
{[%clk 00:48:04]} {[%emt 00:00:44]} Ba7 {[%clk 00:31:06]} {[%emt 00:00:59]} 30.
Re1 {[%clk 00:46:56]} {[%emt 00:01:23]} Kf8 {[%clk 00:28:45]} {[%emt 00:02:35]}
31. Re7 {[%clk 00:45:35]} {[%emt 00:01:37]} Rxd6 {[%clk 00:27:47]} {[%emt
00:01:12]} 32. Rxf7+ {[%clk 00:42:28]} {[%emt 00:03:21]} Kxf7 {[%emt 00:00:18]}
33. Rxd6 {[%clk 00:42:34]} {[%emt 00:00:06]} Re8 {[%clk 00:27:29]} {[%emt
00:00:33]} 34. Bxb7 {[%clk 00:40:16]} {[%emt 00:02:33]} Bb8 {[%clk 00:21:28]}
{[%emt 00:06:16]} 35. Rxa6 {[%clk 00:39:13]} {[%emt 00:01:18]} Bd7 {[%clk
00:20:33]} {[%emt 00:01:08]} 36. Bf3 {[%clk 00:38:45]} {[%emt 00:00:44]} Bb5
{[%clk 00:19:52]} {[%emt 00:00:56]} 37. Rb6 {[%clk 00:37:30]} {[%emt 00:01:30]}
Re1+ {[%clk 00:19:37]} {[%emt 00:00:31]} 38. Kg2 {[%clk 00:37:24]} {[%emt
00:00:20]} Bf1+ {[%clk 00:19:45]} {[%emt 00:00:06]} 39. Kg1 {[%clk 00:36:10]}
{[%emt 00:00:52]} Bh3# {[%clk 00:19:45]} 0-1